• 首页
  • 本馆介绍
  • 公告通知
  • 最新文献
  • 馆藏检索
  • 电子资源
  • 读者导购
  • 参考咨询
  • 我的图书馆
  • 登录
  • 详细信息显示
  • 放入我的书架
  • 预约/预借图书
  • 作者相关作品
  • 分类相关作品
  • 丛书相关作品
  • 出版社相关作品

书目信息

  • 表格格式
  • 工作单格式
  • 卡片格式
题名:
高等学校教学法
    
 
作者: Beard , 比尔德 著 ;陈友松 , 夏宁 译
分册:  
出版信息: 北京   春秋出版社  1989.10
页数: 240页
开本: 19cm
丛书名: 当代教育科学译丛
单 册:
中图分类: G642 , G4-51
科图分类: 38.8282
主题词: 教学法-高等学校 , 高等学校-教学法 , 教育
电子资源:
ISBN: 7-5069-0161-7
000 01281nam2 2200361 45
001 0190005820
005 20061101100940.62
010    @a7-5069-0161-7@dCNY3.10
100    @a19921105d1989 kemy0chiy0121 ea
101 1  @achi@ceng
102    @aCN@b110000
105    @ay z 000yy
200 10 @a高等学校教学法@AGAO DENG XUE XIAO JIAO XUE FA@f(英)比尔德(Beard,R.)著@F( YING ) BI ER DE (Beard,R.) ZHU@g陈友松,夏 宁译
210    @a北京@c春秋出版社@d1989.10
215    @a240页@d19cm
225 2  @a当代教育科学译丛@f韩书田主编
300    @a书名原文:Teaching and learning in higher education
330    @a本书是论述高等学校教学法的一部著作,主要内容有:在不断变化的新形势下,高等学校课程编制和教学计划制定的一些问题:教学法选用依据之一的教学目标的规定等。
410  0 @120010@a当代教育科学译丛
517 0  @aTeaching and learning in higher education@zeng
540 1  @a高等学校 教学法@AGAO DENG XUE XIAO JIAO XUE FA
606    @a教学法-高等学校
606    @a高等学校-教学法
606 0  @a教育
690    @aG642@v三版
690    @aG4-51@v3
692    @a38.8282
701 A1 @aBeard@bR.@4著
701  1 @a比尔德@ABI ER DE@bR.@4著
702  0 @a陈友松@ACHEN YOU SONG@4译
702  0 @a夏宁@AXIA NING@4译
801  0 @aCN@bTSSF@c20061101
905    @a10447@dG4-51@e26:1
    
    高等学校教学法/(英)比尔德(Beard,R.)著/陈友松,夏 宁译.-北京:春秋出版社,1989.10
    240页;19cm.-(当代教育科学译丛/韩书田主编)
    书名原文:Teaching and learning in higher education
    
    ISBN 7-5069-0161-7:CNY3.10
    本书是论述高等学校教学法的一部著作,主要内容有:在不断变化的新形势下,高等学校课程编制和教学计划制定的一些问题:教学法选用依据之一的教学目标的规定等。
●
相关链接 在E读中查询图书 在五车中查询图书 在当当中查询图书 在豆瓣中查询图书


正题名:高等学校教学法     索取号:G4-51/26:1         预约/预借

序号 登录号 条形码 馆藏地/架位号 状态 备注
1 0227580   002055821   第一样本阅览室/ [索取号:G4-51/26:1] 在馆    
唐山师范学院图书馆 欢迎您!
大连网信软件有限公司© 版权所有